Identify 10 Films from 2020 - Statistics

General Stats
  • This quiz has been taken 23 times
  • The average score is 3 of 10
Answer Stats
Description Film % Correct
A supersonic animal and a town’s sheriff team up to stop Dr. Robotnik. Sonic the Hedgehog
81%
A vet who can talk to animals goes on a quest to save Queen Victoria Dolittle
67%
Diana Prince and Steve Trevor face off against Maxwell Lord and Cheetah Wonder Woman 1984
48%
Elf brothers seek an artifact that will temporarily bring back their dead dad Onward
38%
A CIA agent who can manipulate time must prevent an attack from the future. Tenet
24%
1890s: Buck, a dog, is sent to the Yukon where he befriends an outdoorsman. Call of the Wild
19%
Mike Lowrey & Marcus Burnett investigate murders tied to Lowrey's past. Bad Boys For Life
10%
Some teenagers, and others, are again trapped in a perilous computer game Jumanji: The Next Level
10%
A kingpin looks to sell off his UK marijuana business, sparking consequences The Gentlemen
10%
Cecilia Kass believes she is being stalked by her seemingly deceased ex The Invisible Man
10%
No matching quizzes found
Score Distribution
Percent of People with Each Score
Percentile by Number Answered
Your Score History
You have not taken this quiz